Tatiana (paroles) - La Femme - Statistiques

Statistiques générales
  • Ce quiz a été pris 60 fois
  • Le résultat moyen est 174 sur 221
Statistiques - réponses
Réponse % Correct
de
100%
le
100%
Le
100%
ne
100%
Je
98%
je
98%
se
98%
à
95%
Ce
95%
ce
95%
dans
95%
et
95%
95%
la
95%
les
95%
pas
95%
ses
95%
ta
95%
te
95%
club
93%
night
93%
son
93%
Tatiana
93%
veux
93%
ces
90%
C'est
90%
c'est
90%
Elle
90%
moi
90%
peau
90%
si
90%
Si
90%
t'es
90%
tu
90%
Tu
90%
voir
90%
me
88%
New York
88%
on
88%
88%
que
88%
t'avoir
88%
danser
85%
mes
85%
pour
85%
sa
85%
seins
85%
s'est
85%
sur
85%
un
85%
beaux
83%
comme
83%
mais
83%
mis
83%
oublier
83%
prends
83%
Quand
83%
quand
83%
sont
83%
tellement
83%
contact
80%
donné
80%
en
80%
être
80%
Ils
80%
mains
80%
rapprochée
80%
rêve
80%
rire
80%
ton
80%
au
78%
baiser
78%
connaissait
78%
déjà
78%
gros
78%
m'as
78%
sauter
78%
sourire
78%
fait
76%
qu'elle
76%
toucher
76%
déposer
73%
des
73%
langue
73%
mon
73%
qui
73%
cette
71%
est
71%
laissa
71%
lui
71%
bien
68%
respecte
68%
visage
68%
chaud
66%
coeur
66%
poitrine
66%
voyant
66%
crève
63%
jean
63%
l'aurais
63%
retiens
63%
rythme
63%
sentait
63%
vais
63%
cristal
61%
frotte
59%
nuit
59%
attendant
56%
était
56%
finalement
56%
noir
56%
qu'il
56%
bat
54%
bouche
54%
épousée
54%
seul
54%
chanson
51%
froid
51%
jour
51%
suis
51%
top
51%
bouffons
49%
donnera
49%
donneront
49%
maintenant
49%
seule
49%
seras
46%
cuir
41%
lumière
41%
heureux
39%
t'auras
39%
Végas
39%
Blouson
34%
enfumé
34%
clope
32%
pleure
32%
car
29%
joie
29%
babygrand
27%
j'entends
27%
mets
24%
noires
24%
rues
24%
voiles
24%
Aucun quiz correspondant
Distribution des résultats
% des personnes avec chaque résultat
Percentile par nombre de réponses
Votre historique - résultats
Vous n’avez pas pris ce quiz